书目信息 |
| 题名: |
全汉赋
|
|
| 作者: | 费振刚 | |
| 分册: | ||
| 出版信息: | 北京 北京大学出版社 1997 |
|
| 页数: | 762页 | |
| 开本: | 20cm | |
| 丛书名: | ||
| 单 册: | ||
| 中图分类: | I222.4 | |
| 科图分类: | ||
| 主题词: | 诗歌--中国 , 韵文--中国 | |
| 电子资源: | ||
| ISBN: | 7-301-01481-3 | |
| 000 | 00521nam0 2200193 450 | |
| 001 | 0728815141 | |
| 005 | 20070819080015.14 | |
| 010 | @a7-301-01481-3@d¥36.00 | |
| 100 | @a20070819d km y0chiy0120 ea | |
| 101 | 0 | @achi |
| 200 | 1 | @a全汉赋@Aquan han fu@f费振刚等@Ffei zhen gang deng |
| 210 | @a北京@c北京大学出版社@d1997 | |
| 215 | @a762页@d20cm | |
| 606 | 0 | @a诗歌@x中国 |
| 606 | 0 | @a韵文@x中国 |
| 690 | @aI222.4@v3 | |
| 701 | 0 | @a费振刚@Afei zhen gang |
| 801 | 0 | @aCN@bPFT@c20070819 |
| 905 | @a213230@dI222.4@eZW170@f1 | |
| 全汉赋/费振刚等.-北京:北京大学出版社,1997 |
| 762页;20cm |
| ISBN 7-301-01481-3:¥36.00 |
| ● |
| 相关链接 |
|
|
|
|
正题名:全汉赋
索取号:I222.4/ZW170
 
预约/预借
| 序号 | 登录号 | 条形码 | 馆藏地/架位号 | 状态 | 备注 |
| 1 | 7608378 | 276083783 | 密集书库-文学院/ [索取号:I222.4/ZW170] | 在馆 |